| 000 | 00581nam a2200181Ia 4500 | ||
|---|---|---|---|
| 999 |
_c22570 _d22570 |
||
| 082 | _a307.14160954 URB; | ||
| 245 | 0 | _aUrban perspectives -2001 | |
| 260 |
_aNew Delhi _bNational Institute of Urban Affairs _c1978 |
||
| 300 | _a285p. | ||
| 500 | _aPapers and proceeding of an Expert Group meeting held at Vigyan Bhavan,New Delhi,on April15-16,1977 | ||
| 650 | _aUrban economics - India | ||
| 650 | _aUrban development | ||
| 650 | _aUrbanization - India | ||
| 650 | _aCommunity development, Urban - India | ||
| 700 | _aChandrasekhara, C.S | ||
| 700 | _aDeva Raj | ||
| 942 | _cBK | ||